000 00322nam a22001337a 4500
008 180904b xxu||||| |||| 00| 0 eng d
020 _a9780072969108
041 _aeng
080 _23 ED
_a510
100 _a37
101 _aMAT
245 _aPrealgebra Mathematics For a Variable World
_cBach.D.J
942 _2udc
_cBK
999 _c47494
_d47494